|
|
|
|
| LEADER |
00765cam a2200229 7i4500 |
| 001 |
0000010727 |
| 005 |
20170218090000.0 |
| 020 |
|
|
|a 0170111350 (pbk.)
|
| 020 |
|
|
|a 9780170111355
|
| 090 |
0 |
0 |
|a HD58.8
|b .W33 2001
|
| 100 |
1 |
|
|a Waddel, Dianne M
|
| 245 |
1 |
0 |
|a Organisation development & change
|c Dianne M. Waddel, Thomas G. Cummings, Christopher G. Worley ; contributing author Marita Naude.
|
| 250 |
|
|
|a 2nd ed.
|
| 260 |
|
|
|a Australia:
|b Thomson,
|c 2001.
|
| 300 |
|
|
|a xviii, 646 p.;
|c 25 cm.
|
| 500 |
|
|
|a Includes index
|
| 650 |
0 |
0 |
|a Organizational change
|
| 700 |
1 |
|
|a Worley, Christopher G
|
| 700 |
1 |
|
|a Cummings, Thomas G
|
| 700 |
1 |
|
|a Naude, Marita
|
| 997 |
|
|
|a Business & Accountancy, Faculty
|
| 999 |
|
|
|a 0000012773
|b BOK
|c OPEN SHELF
|e 1st Floor, Bestari Jaya
|